Soils and soil fertility / (Record no. 18195)

MARC details
000 -LEADER
fixed length control field 00722cam a2200253 i 4500
001 - CONTROL NUMBER
control field BD-DhSAU 3550
003 - CONTROL NUMBER IDENTIFIER
control field BD-DhSAU
005 - DATE AND TIME OF LATEST TRANSACTION
control field 20260118152708.0
008 - FIXED-LENGTH DATA ELEMENTS--GENERAL INFORMATION
fixed length control field 770725s2005 nyua b 000 0 eng
020 ## - INTERNATIONAL STANDARD BOOK NUMBER
International Standard Book Number 9788126517879
040 ## - CATALOGING SOURCE
Original cataloging agency BD-DhSAU
082 00 - DEWEY DECIMAL CLASSIFICATION NUMBER
Classification number 631.422 T743
Edition number 22
Item number PES
100 1# - MAIN ENTRY--PERSONAL NAME
Personal name Thompson, Louis M.
245 10 - TITLE STATEMENT
Title Soils and soil fertility /
Statement of responsibility, etc. Louis M. Thompson and Frederick R. Troeh.
250 ## - EDITION STATEMENT
Edition statement 6th ed.
Remainder of edition statement Wiley India Edition
260 ## - PUBLICATION, DISTRIBUTION, ETC. (IMPRINT)
Place of publication, distribution, etc. USA :
Name of publisher, distributor, etc. Blackweel Publishiing ,
Date of publication, distribution, etc. c2005.
300 ## - PHYSICAL DESCRIPTION
Extent viii, 489 p. :
Other physical details ill. ;
Dimensions 25 cm.
504 ## - BIBLIOGRAPHY, ETC. NOTE
Bibliography, etc Includes index
590 ## - Name of Cataloguer
Name of Cataloger roy
650 #0 - SUBJECT ADDED ENTRY--TOPICAL TERM
Topical term or geographic name as entry element Soil science.
650 #0 - SUBJECT ADDED ENTRY--TOPICAL TERM
Topical term or geographic name as entry element Soil fertility.
700 1# - ADDED ENTRY--PERSONAL NAME
Personal name Troeh, Frederick R.,
942 ## - ADDED ENTRY ELEMENTS (KOHA)
Source of classification or shelving scheme Dewey Decimal Classification
Koha item type Book
Holdings
Withdrawn status Lost status Source of classification or shelving scheme Damaged status Not for loan Home library Branch Name Shelving location Date acquired Total Checkouts Full call number Barcode Date last seen Price effective from Koha item type Public note
    Dewey Decimal Classification     SAU Library SAU Library Reference 22/10/2025   631.422 T743 PES 45925 18/01/2026 18/01/2026 Book Gift